000 00320nam a22001337a 4500
008 170127b xxu||||| |||| 00| 0 eng d
020 _a9780323025669
041 _aeng
080 _23RD
_a61
100 _a3
101 _aSHM
245 _aSRITICAL THINKING IN MEDICAL-SURGICAL SETTINGS
_cPREUSSER, B.A
942 _2udc
_cBK
999 _c3929
_d3929